Životné prostredie, ekonómia a financie /

Guardado en:
Detalles Bibliográficos
Autor principal: Romančíková, Eva (Autor)
Formato: Libro
Lenguaje:eslovaco
Publicado: Bratislava : ECO INSTRUMENT, 1997
Edición:1.vyd.
Materias:
Etiquetas: Agregar Etiqueta
Sin Etiquetas, Sea el primero en etiquetar este registro!

MARC

LEADER 00000nam a22000003a 4500
001 stu46087
005 20150617225710.8
008 971205s1997----cs------------------slo-d
020 |a 80-96771-0-6 
040 |a STU  |b slo 
041 0 |a slo 
044 |a cs 
080 |a 504 
080 |a 33  |7 stu_us_auth*stu7876 
080 |a 336 
100 1 |a Romančíková, Eva  |4 aut 
245 1 |a Životné prostredie, ekonómia a financie /  |c [aut.]Eva Romančíková 
250 |a 1.vyd. 
260 |a Bratislava :  |b ECO INSTRUMENT,  |c 1997 
300 |a 159 s 
650 7 |a prostredie životné  |2 stusub 
650 7 |a ekonómia  |2 stusub 
650 7 |a financie  |2 stusub 
996 |b 284M046254  |c M*9661-1  |l MMKN  |s A  |a 24  |w stu46087_0001